000 00634nam a2200217Ia 4500
005 20250923150009.0
008 008 250917s9999 xx 000 0 eng d
037 _aTextual
040 _aDSWL
_beng
_cDSWL
041 _aeng
_2eng
084 _aY2:(P111,J:4)k, N93
_qDSWL
100 _aSauber, S.R.
_9841117
245 4 _aThe Dictionary of Family Psychology and Family Therapy
_c by S.R. Sauber
250 _aIInd Ed.
260 _aLondon
_bSage Publications
_c1993
300 _axix,468 p.
365 _aUSD
_b29.95
925 _g29.95
942 _cTEXL
_hY2:(P111,J:4)k, N93
999 _c1458305
_d1458305